000 01300nam a22003254a 4500
001 ebr10085250
003 CaPaEBR
006 m u
007 cr cn|||||||||
008 010802s2002 enk sb 001 0 eng
020 _z0195150163 (cloth)
040 _aCaPaEBR
_cCaPaEBR
035 _a(OCoLC)559850044
043 _an-us---
050 1 4 _aHJ2322.A3
_bM87 2002eb
082 0 4 _a336.2/00973
_221
100 1 _aMurphy, Liam B.,
_d1960-
245 1 4 _aThe myth of ownership
_h[electronic resource] :
_btaxes and justice /
_cby Liam Murphy & Thomas Nagel.
260 _aOxford ;
_aNew York :
_bOxford University Press,
_c2002.
300 _aix, 228 p.
504 _aIncludes bibliographical references (p. 209-219) and index.
533 _aElectronic reproduction.
_bPalo Alto, Calif. :
_cebrary,
_d2013.
_nAvailable via World Wide Web.
_nAccess may be limited to ebrary affiliated libraries.
650 0 _aTax incidence
_zUnited States.
650 0 _aTaxation
_xSocial aspects
_zUnited States.
650 0 _aDistributive justice
_zUnited States.
655 7 _aElectronic books.
_2local
700 1 _aNagel, Thomas,
_d1937-
710 2 _aebrary, Inc.
856 4 0 _uhttp://site.ebrary.com/lib/rucke/Doc?id=10085250
_zAn electronic book accessible through the World Wide Web; click to view
999 _c50534
_d50534